Augmented integrated routing algorithm for guaranteed bandwidth connections in IP\\MPLS over WDM Network / (رقم التسجيلة. 3143)
[ عرض عادي ]
| 000 -LEADER | |
|---|---|
| fixed length control field | 015590000a22003250004500 |
| 003 - CONTROL NUMBER IDENTIFIER | |
| control field | EG-GICUC |
| 005 - DATE AND TIME OF LATEST TRANSACTION | |
| control field | 20250223025000.0 |
| 008 - FIXED-LENGTH DATA ELEMENTS--GENERAL INFORMATION | |
| fixed length control field | 070811s2007 ua a f m 000 0 eng d |
| 040 ## - CATALOGING SOURCE | |
| Original cataloging agency | EG-GICUC |
| Language of cataloging | eng |
| Transcribing agency | EG-GICUC |
| 041 0# - LANGUAGE CODE | |
| Language code of text/sound track or separate title | Eng |
| 049 ## - LOCAL HOLDINGS (OCLC) | |
| Holding library | Deposite |
| 097 ## - Thesis Degree | |
| Thesis Level | M.Sc |
| 099 ## - LOCAL FREE-TEXT CALL NUMBER (OCLC) | |
| Classification number | Cai01.13.08.M.Sc.2007.Ah.A |
| 100 0# - MAIN ENTRY--PERSONAL NAME | |
| Personal name | Ahmed Mohamed Hamdy Mostafa Elokda |
| 245 10 - TITLE STATEMENT | |
| Title | Augmented integrated routing algorithm for guaranteed bandwidth connections in IP\\MPLS over WDM Network / |
| Statement of responsibility, etc. | Ahmed Mohamed Hamdy Mostafa Elokda ; Supervised Khaled Mohamed Fouad Elsayed |
| 246 15 - VARYING FORM OF TITLE | |
| Title proper/short title | خوارزم تحديد المسار المحسن المتكامل للمكالمات مضمونة السعة فى شبكات نقل البروتوكولات المتعددة عبر تقسيم الطول الموجى |
| 260 ## - PUBLICATION, DISTRIBUTION, ETC. | |
| Place of publication, distribution, etc. | Cairo : |
| Name of publisher, distributor, etc. | Ahmed Mohamed Hamdy Mostafa Elokda , |
| Date of publication, distribution, etc. | 2007 |
| 300 ## - PHYSICAL DESCRIPTION | |
| Extent | 81P. : |
| Other physical details | ill. ; |
| Dimensions | 30cm |
| 502 ## - DISSERTATION NOTE | |
| Dissertation note | Thesis (M.Sc.) - Cairo University - Faculty Of Engineering - Department Of Electronics and Communications |
| 520 ## - SUMMARY, ETC. | |
| Summary, etc. | Routing in IP\\MPLS over WDM networks has been typically separated into routing at IP laer taking only IP layer information into account and wave length routing at the optical layer taking only optical network information into account |
| 530 ## - ADDITIONAL PHYSICAL FORM AVAILABLE NOTE | |
| Additional physical form available note | Issued also as CD |
| 653 #4 - INDEX TERM--UNCONTROLLED | |
| Uncontrolled term | IP |
| 653 #4 - INDEX TERM--UNCONTROLLED | |
| Uncontrolled term | MPLS |
| 653 #4 - INDEX TERM--UNCONTROLLED | |
| Uncontrolled term | WDM |
| 700 0# - ADDED ENTRY--PERSONAL NAME | |
| Personal name | Khaled Mohamed Fouad Elsayed , |
| Relator term | |
| 856 ## - ELECTRONIC LOCATION AND ACCESS | |
| Uniform Resource Identifier | <a href="http://172.23.153.220/th.pdf">http://172.23.153.220/th.pdf</a> |
| 905 ## - LOCAL DATA ELEMENT E, LDE (RLIN) | |
| Cataloger | Esam |
| Reviser | Revisor |
| 905 ## - LOCAL DATA ELEMENT E, LDE (RLIN) | |
| Cataloger | Nazla |
| Reviser | Cataloger |
| 942 ## - ADDED ENTRY ELEMENTS (KOHA) | |
| Source of classification or shelving scheme | Dewey Decimal Classification |
| Koha item type | Thesis |
| Source of classification or shelving scheme | Not for loan | Home library | Current library | Date acquired | Full call number | Barcode | Date last seen | Koha item type | Copy number |
|---|---|---|---|---|---|---|---|---|---|
| Dewey Decimal Classification | المكتبة المركزبة الجديدة - جامعة القاهرة | قاعة الرسائل الجامعية - الدور الاول | 11.02.2024 | Cai01.13.08.M.Sc.2007.Ah.A | 01010110047461000 | 22.09.2023 | Thesis | ||
| Dewey Decimal Classification | المكتبة المركزبة الجديدة - جامعة القاهرة | مخـــزن الرســائل الجـــامعية - البدروم | 11.02.2024 | Cai01.13.08.M.Sc.2007.Ah.A | 01020110047461000 | 22.09.2023 | CD - Rom | 47461.CD |